000 00673nam a2200181 i 4500
001 80690
003 ES-MaACL
007 t|
008 041029s1952 sp ||||1| spa d
100 1 _aHostos, Eugenio María de,
_d1839-1903
_964302
245 1 0 _aHostos, hispanoamericanista
_b: colección de ensayos acerca de Eugenio María de Hostos /
_crecogidos y publicados por Eugenio Carlos de Hostos.
260 _aMadrid :
_b[s.n.,
_c1952] (
_fImp. Juan Bravo)
300 _a431 p. :
_bretr. aut. ;
_c24 cm.
700 1 _aHostos, Eugenio Carlos de.
_964301
852 _aES-MaACL
_jC-7775
_bR.34634
852 _aES-MaACL
_jC-9943
_bR.33455
999 _c80690
_d80690